000 01611nam0a22003611 4500
001 rc\17317
005 20021204102051.4
010 _a5-239-01891-X
_911000
035 _a(NLR Aleph) 005305164
090 _a6329490
_c6329490
100 _a20021204d1995 u |0rusy50 ca
101 0 _arus
102 _aRU
105 _aa |||||||||
200 1 _aЯ не был убит на войне
_e[Сборник]
_fГригорий Бакланов
210 _aМ.
_cМоск. рабочий
_d1995
215 _a489, [2] с., [1] л. портр.
_d21
327 1 _aСодерж.: Июль 41 года: Роман; Повести: Пядь земли; Навеки - девятнадцатилетние; Рассказы: Вот и кончилась война; Бабичев; Бурки; Был месяц май; Как я потерял первенство; Давай поудим рыбу когда-нибудь
464 0 _12001#$aИюль 41 года
464 0 _12001#$aПядь земли
464 0 _12001#$aНавеки - девятнадцатилетние
464 0 _12001#$aВот и кончилась война
464 0 _12001#$aБабичев
464 0 _12001#$aБурки
464 0 _12001#$aБыл месяц май
464 0 _12001#$aКак я потерял первенство
464 0 _12001#$aДавай поудим рыбу когда-нибудь
700 1 _aБакланов
_bГ. Я.
_f1923-
_gГригорий Яковлевич
801 0 _aRU
_bNLR
_gpsbo
801 1 _aRU
_bELAR
_2rusmarc
852 _aNLR
_j95-3/4796
942 _cBOOK
980 _aNB